Ancient Greek Medicine in Questions and Answers : Diagnostics, Didactics, Dialectics /
This volume provides a set of in-depth case studies about the role of questions and answers (Q&A) in ancient Greek medical writing from its Hippocratic beginnings up to, and including, Late Antiquity. The use of Q&A formulas is widely attested in ancient Greek medical texts, casting an intri...
مؤلفون آخرون:
التنسيق: كتاب الكتروني
اللغة: English
منشور في:
Leiden; Boston :
BRILL,
2021.
سلاسل:
Studies in Ancient Medicine ;
54.
الموضوعات:
الوصول للمادة أونلاين: Login to view Source
الوسوم: إضافة وسم
رقم الطلب: B111
| LEADER | 02486nam a22004571i 4500 | ||
|---|---|---|---|
| 001 | BRILL9789004442672 | ||
| 003 | nllekb | ||
| 005 | 20230529212510.0 | ||
| 006 | m d | ||
| 007 | cr un uuuua | ||
| 008 | 200813s2021 ne sb 001 0 eng d | ||
| 020 | |a 9789004442672 |q (electronic book) | ||
| 020 | |a 9789004437654 |q (print) | ||
| 024 | 7 | |a 10.1163/9789004442672 |2 DOI | |
| 035 | |z (OCoLC)1178903847 | ||
| 040 | |a NL-LeKB |c NL-LeKB |e rda | ||
| 050 | 4 | |a B111 | |
| 072 | 7 | |a HBLA1 |2 bicssc | |
| 072 | 7 | |a HIS |x 002000 |2 bisacsh | |
| 072 | 7 | |a HIS |x 039000 |2 bisacsh | |
| 082 | 0 | 4 | |a 180 |2 23 |
| 245 | 0 | 0 | |a Ancient Greek Medicine in Questions and Answers : |b Diagnostics, Didactics, Dialectics / |c edited by Michiel Meeusen. |
| 246 | 3 | |a Diagnostics, Didactics, Dialectics | |
| 264 | 1 | |a Leiden; |a Boston : |b BRILL, |c 2021. | |
| 300 | |a 1 online resource. | ||
| 336 | |a text |b txt |2 rdacontent | ||
| 337 | |a computer |b c |2 rdamedia | ||
| 338 | |a online resource |2 rdacarrier | ||
| 490 | 1 | |a Studies in Ancient Medicine ; |v 54 | |
| 504 | |a Includes bibliographical references and index. | ||
| 520 | |a This volume provides a set of in-depth case studies about the role of questions and answers (Q&A) in ancient Greek medical writing from its Hippocratic beginnings up to, and including, Late Antiquity. The use of Q&A formulas is widely attested in ancient Greek medical texts, casting an intriguing light on its relevance for the medical art at large, and for ancient medical practice, education, and research in specific (diagnostics, didactics, dialectics). The book aims to break new grounds by exploring, for the first time, the wide complexity of this phenomenon while introducing a coherent approach. In so doing, it not only covers highly specialized medical treatises but also non-canonical authors and texts, including anonymous papyrus fragments and collections of problems. | ||
| 559 | 4 | |a B111 | |
| 588 | |a Description based on print version record. | ||
| 650 | 0 | |a Philosophy, Ancient. | |
| 700 | 1 | |a Meeusen, Michiel, |e editor. | |
| 776 | 0 | 8 | |i Print version: |t Ancient Greek Medicine in Questions and Answers : Diagnostics, Didactics, Dialectics, |d Leiden ; Boston : BRILL, 2021 |z 9789004437654 |
| 830 | 0 | |a Studies in Ancient Medicine ; |v 54. | |
| 856 | 4 | |z DOI: |u http://dx.doi.org/10.1163/9789004442672 | |
| 942 | |2 lcc |c EBOOK | ||
| 952 | |0 0 |1 0 |2 lcc |4 0 |6 B0111 |7 1 |9 48824 |a BRILL |b BRILL |d 2023-05-29 |l 0 |o B111 |r 2023-05-29 00:00:00 |w 2023-05-29 |y EBOOK | ||
| 999 | |c 54168 |d 54168 | ||
